Texas County Seats - Statistics

General Stats
  • This quiz has been taken 87 times
  • The average score is 105 of 254
Answer Stats
County County Seat % Correct
Tarrant Fort Worth
92%
Harris Houston
92%
Bexar San Antonio
92%
Travis Austin
90%
Dallas Dallas
90%
El Paso El Paso
87%
Lubbock Lubbock
87%
Cameron Brownsville
85%
McLennan Waco
85%
Galveston Galveston
82%
Ector Odessa
82%
Potter Amarillo
79%
Jefferson Beaumont
79%
Nueces Corpus Christi
79%
Denton Denton
79%
Webb Laredo
77%
Midland Midland
77%
Smith Tyler
77%
Tom Green San Angelo
74%
Wichita Wichita Falls
74%
Uvalde Uvalde
72%
Gregg Longview
69%
Nacogdoches Nacogdoches
69%
Hays San Marcos
69%
Lamar Paris
67%
Reeves Pecos
67%
Victoria Victoria
67%
Bastrop Bastrop
64%
Brazos Bryan
64%
Orange Orange
64%
Grayson Sherman
64%
Taylor Abilene
62%
Gonzales Gonzales
62%
Llano Llano
62%
Comal New Braunfels
62%
Val Verde Del Rio
59%
Gillespie Fredericksburg
59%
Goliad Goliad
59%
Walker Huntsville
59%
Kerr Kerrville
59%
Angelina Lufkin
59%
Presidio Marfa
59%
Andrews Andrews
56%
Childress Childress
56%
Montgomery Conroe
56%
Pecos Fort Stockton
56%
Cooke Gainesville
56%
Collin McKinney
56%
Refugio Refugio
56%
Brewster Alpine
54%
Bandera Bandera
54%
Howard Big Spring
54%
Dallam Dalhart
54%
Kaufman Kaufman
54%
Lampasas Lampasas
54%
Rockwall Rockwall
54%
Guadalupe Seguin
54%
Ellis Waxahachie
54%
Randall Canyon
51%
Hamilton Hamilton
51%
Jasper Jasper
51%
Liberty Liberty
51%
San Saba San Saba
51%
Zapata Zapata
51%
Bee Beeville
49%
Bell Belton
49%
Burnet Burnet
49%
Maverick Eagle Pass
49%
Rusk Henderson
49%
Culberson Van Horn
49%
Brown Brownwood
46%
Crane Crane
46%
Houston Crockett
46%
Blanco Johnson City
46%
Kleberg Kingsville
46%
Mason Mason
46%
Menard Menard
46%
Newton Newton
46%
Hale Plainview
46%
San Augustine San Augustine
46%
Gaines Seminole
46%
Throckmorton Throckmorton
46%
Parker Weatherford
46%
Jim Wells Alice
44%
Archer Archer City
44%
Burleson Caldwell
44%
Coleman Coleman
44%
Mitchell Colorado City
44%
Navarro Corsicana
44%
Wise Decatur
44%
Eastland Eastland
44%
Hidalgo Edinburg
44%
Jeff Davis Fort Davis
44%
Williamson Georgetown
44%
Jack Jacksboro
44%
Loving Mentone
44%
Gray Pampa
44%
Aransas Rockport
44%
Erath Stephenville
44%
Henderson Athens
41%
Colorado Columbus
41%
Comanche Comanche
41%
Robertson Franklin
41%
Hill Hillsboro
41%
Marion Jefferson
41%
Harrison Marshall
41%
Starr Rio Grande City
41%
Sutton Sonora
41%
Nolan Sweetwater
41%
Wharton Wharton
41%
Wheeler Wheeler
41%
Shelby Center
38%
Castro Dimmitt
38%
Moore Dumas
38%
Brooks Falfurrias
38%
Floyd Floydada
38%
Hunt Greenville
38%
Kimble Junction
38%
Caldwell Lockhart
38%
Madison Madisonville
38%
Hall Memphis
38%
Montague Montague
38%
Bailey Muleshoe
38%
Anderson Palestine
38%
Garza Post
38%
Swisher Tulia
38%
Grimes Anderson
36%
Fannin Bonham
36%
McCulloch Brady
36%
Hemphill Canadian
36%
Crosby Crosbyton
36%
DeWitt Cuero
36%
Dickens Dickens
36%
Hood Granbury
36%
Haskell Haskell
36%
Deaf Smith Hereford
36%
Karnes Karnes City
36%
Fayette La Grange
36%
Hockley Levelland
36%
Titus Mount Pleasant
36%
Bowie New Boston
36%
Palo Pinto Palo Pinto
36%
Fort Bend Richmond
36%
Hopkins Sulphur Springs
36%
Shackelford Albany
33%
Red River Clarksville
33%
Johnson Cleburne
33%
Zavala Crystal City
33%
Coryell Gatesville
33%
Young Graham
33%
Winkler Kermit
33%
Lipscomb Lipscomb
33%
Lamb Littlefield
33%
Roberts Miami
33%
Ward Monahans
33%
Crockett Ozona
33%
Carson Panhandle
33%
Ochiltree Perryton
33%
Cherokee Rusk
33%
Oldham Vega
33%
Collingsworth Wellington
33%
Kendall Boerne
31%
Washington Brenham
31%
Milam Cameron
31%
Van Zandt Canton
31%
Donley Clarendon
31%
Armstrong Claude
31%
Mills Goldthwaite
31%
Medina Hondo
31%
Dawson Lamesa
31%
Polk Livingston
31%
Franklin Mount Vernon
31%
Cottle Paducah
31%
Camp Pittsburg
31%
Calhoun Port Lavaca
31%
Hardeman Quanah
31%
Wood Quitman
31%
Terrell Sanderson
31%
Hudspeth Sierra Blanca
31%
Wilbarger Vernon
31%
Terry Brownfield
28%
Leon Centerville
28%
Schleicher Eldorado
28%
Parmer Farwell
28%
Glasscock Garden City
28%
Somervell Glen Rose
28%
Limestone Groesbeck
28%
King Guthrie
28%
Lavaca Hallettsville
28%
Sabine Hemphill
28%
Falls Marlin
28%
Irion Mertzon
28%
Cochran Morton
28%
Frio Pearsall
28%
Kenedy Sarita
28%
Baylor Seymour
28%
Hansford Spearman
28%
Sterling Sterling City
28%
Hutchinson Stinnett
28%
Chambers Anahuac
26%
Brazoria Angleton
26%
Reagan Big Lake
26%
Stephens Breckenridge
26%
Hartley Channing
26%
La Salle Cotulla
26%
Freestone Fairfield
26%
Borden Gail
26%
Live Oak George West
26%
Lee Giddings
26%
Jim Hogg Hebbronville
26%
Clay Henrietta
26%
Atascosa Jourdanton
26%
Cass Linden
26%
Motley Matador
26%
Bosque Meridian
26%
Willacy Raymondville
26%
Briscoe Silverton
26%
Scurry Snyder
26%
Lynn Tahoka
26%
Jones Anson
23%
Matagorda Bay City
23%
Austin Bellville
23%
Dimmit Carrizo Springs
23%
Panola Carthage
23%
Delta Cooper
23%
Foard Crowell
23%
Upshur Gilmer
23%
Yoakum Plains
23%
Edwards Rocksprings
23%
Sherman Stratford
23%
Tyler Woodville
23%
Stonewall Aspermont
21%
Callahan Baird
21%
Runnels Ballinger
21%
Knox Benjamin
21%
Kinney Brackettville
21%
San Jacinto Coldspring
21%
Jackson Edna
21%
Rains Emory
21%
Wilson Floresville
21%
Kent Jayton
21%
Real Leakey
21%
Concho Paint Rock
21%
Coke Robert Lee
21%
Duval San Diego
21%
San Patricio Sinton
21%
Trinity Groveton
18%
Fisher Roby
18%
Martin Stanton
18%
McMullen Tilden
18%
Morris Daingerfield
15%
Hardin Kountze
15%
Waller Hempstead
13%
Upton Rankin
13%
No matching quizzes found
Score Distribution
Percent of People with Each Score
Percentile by Number Answered
Your Score History
You have not taken this quiz